00696nam a2200241 a 4500001001300000003000900013005001700022008004100039020001000080082001600090100002400106245002400130260003300154300000900187500003500196505003300231650002200264700002400286902000800310942000700318952011600325999001300441nice12345678IN_TiNIC20260116011331.0050524s1926 egya grp 000 0 ara  ac10000a892.73bJAH aJahiz Al, Abu Qasim aAl-Beyanwat Tabiyin aEgyptbMaktaba-E-ilmiac1926 a847p aincludes index and biblioraphy2 aThree Volumes Bound Together aArabic-Literature1 aJahiz Al, Abu Qasim bSRS cBK 001040708StackRoom-aHMIbHMId2007-06-04g100.00l0o892.73 JAHp04374r2007-06-04v100.00w2005-05-24yBK c605d605